The poor Indians (Record no. 126310)
[ view plain ]
| 000 -LEADER | |
|---|---|
| fixed length control field | 01891nam a2200445 a 4500 |
| 082 04 - DEWEY DECIMAL CLASSIFICATION NUMBER | |
| Classification number | 266/.02341/008997 |
| 100 1# - MAIN ENTRY--AUTHOR NAME | |
| Personal name | Stevens, Laura M. |
| 245 14 - TITLE STATEMENT | |
| Title | The poor Indians |
| 260 ## - PUBLICATION, DISTRIBUTION, ETC. (IMPRINT) | |
| Place of publication | Philadelphia [Pa.] : |
| Name of publisher | University of Pennsylvania Press, |
| Year of publication | c2004. |
| 300 ## - PHYSICAL DESCRIPTION | |
| Number of Pages | 264 p. : |
| Other physical details | ill. |
| 490 1# - SERIES STATEMENT | |
| Series statement | Early American studies |
| 650 #0 - SUBJECT ADDED ENTRY--TOPICAL TERM | |
| Topical Term | Indians of North America |
| Topical Term | Indians of North America |
| Topical Term | Indians of North America |
| Topical Term | Missionaries |
| Topical Term | Anglicans |
| Topical Term | Protestants |
| Topical Term | Public opinion |
| 856 40 - ELECTRONIC LOCATION AND ACCESS | |
| Uniform Resource Identifier | http://site.ebrary.com/lib/rucke/Doc?id=10491973 |
No items available.
